000 01184nam2a2200205 4500
001 RU\NLR\PER_A\003031563_001490
005 20250625143516.0
035 _a(NLR Aleph) 022162010
090 _a12924868
_c12924868
100 _a20240311d2023 |||y0rusy50 ca
101 0 _arus
102 _aRU
200 0 _a2023, № 6
210 _d2023
_aБ. м.
461 0 _1001RU\NLR\Per\786580
_12001#$aФорум плюс$eинформационное издание Межгосударственного фонда по гуманитарному сотрудничеству СНГ и Совета по гуманитарному сотрудничеству государств-участников СНГ$v2023, № 6
_91963534
_cМосква
_d2007 -
_nКультиздат
_oинформационное издание Межгосударственного фонда по гуманитарному сотрудничеству СНГ и Совета по гуманитарному сотрудничеству государств-участников СНГ
_tФорум плюс
_v2023, № 6
852 _aNLR
_jП23/8217
942 _cISSUE
980 _aNB
980 _aRUSPER